[Knižka milodarov na opravu kostola a kláštora františkánov v Stropkove]

Zbierková knižka milodarov františkána Vitala Ručku z Nitrianskej, Novohradskej, Hontianskej, Gemerskej, Hevešskej a Solnocko-jasovsko-veľkokumánskej župy na opravu kostola a kláštora františkánov v Stropkove

Bibliographic Details
Format: Manuscript Book
Language:Hungarian
Latin
Slovak
PhysicalDescription:88 nečíslovaných strán rukopis, viazaný 26 cm
Published: [Rôzne miesta vzniku] 1876-1877
Subjects:

MARC

LEADER 00000ctmaa2200000 a 4500
001 vtls011597365
003 SK-MaSNL
005 20260302015136.0
008 230802i1876 vp || 000 0 hun
035 |a urn:nbn:sk:snk-tm00cese 
035 |a urn:nbn:sk:snk-tm3n2jp 
035 |a 6F2ED637-A83B-4B2F-93AB-460C5E1555DC 
040 |a SNKLA  |b slo  |c SNKLA  |e AACR2 
041 0 |a hun  |a lat  |a slo 
044 |a vp 
072 7 |a 27-78  |x Kresťanské združenia, spolky a organizácie. Rehoľné rády  |2 konspekt 
080 |a 27-789.32  |2 2011 
080 |a 551.553.8  |2 2011 
080 |a 025.171  |2 2011 
080 |a (0.02/.08:2-72)  |2 2011 
245 0 0 |a [Knižka milodarov na opravu kostola a kláštora františkánov v Stropkove]  |c Vital Rucska 
260 |a [Rôzne miesta vzniku]  |c 1876-1877 
300 |a 88 nečíslovaných strán  |b rukopis, viazaný  |c 26 cm 
500 |a Pečiatky slúžnovských úradov v Nitrianskej, Tekovskej, Hontianskej a Solnocko-jasovsko-veľkokumánskej župe a mestských kapitanátov viacerých slovenských i maďarských miest 
520 2 |a Zbierková knižka milodarov františkána Vitala Ručku z Nitrianskej, Novohradskej, Hontianskej, Gemerskej, Hevešskej a Solnocko-jasovsko-veľkokumánskej župy na opravu kostola a kláštora františkánov v Stropkove 
555 0 |a Inventár rukopisov Archívu literatúry a umenia Matice slovenskej. Rukopisy historických knižníc na Slovensku I. Martin: Matica slovenská 1992 
561 |a Okrúhla pečiatka: Sigil. Provinciae S. Salvatoris In Hungaria 
610 2 7 |a Františkáni (Stropkov, Slovensko)  |b Salvatoriánska provincia  |2 SNKLA  |9 425079 
610 2 7 |a Františkánsky kostol (Stropkov, Slovensko)  |2 SNKLA  |9 553249 
610 2 7 |a Františkánsky kláštor (Stropkov, Slovensko)  |2 SNKLA  |9 425081 
610 2 7 |a Františkáni  |2 SNKKA  |9 174796 
650 0 7 |a finančné zbierky  |2 SNKPH  |9 344577 
655 7 |a rukopisy  |2 SNKPH  |9 70548 
655 7 |a cirkevné dokumenty  |2 SNKPH  |9 179657 
700 1 |a Ručka, Vital  |4 trc  |9 660551 
852 |a Slovenská národná knižnica  |b Literárny archív 
958 |a ZH 
958 |a LAVD 
999 |c 1019877  |d 1021807 
952 |a SNKLA  |b SNKLA  |c SNKLA_DEP  |y NEVYP  |7 0  |p 17A1192096  |o snkRHKS 443a  |0 0  |1 0  |4 0  |d 2016-12-02  |f 1  |l 0  |r 2026-02-24 13:20:47  |w 2026-02-24